| 000 | 00339nam a2200133Ia 4500 | ||
|---|---|---|---|
| 008 | 200103s9999||||xx |||||||||||||| ||und|| | ||
| 040 | _aIMU-MPC | ||
| 082 | _aColumn-2 | ||
| 100 | _aMocatta, Alan Abraham | ||
| 245 | 0 | _aScrutton on Charterparties and Bills of Landing | |
| 260 |
_bSweet & Maxwell _c1984 |
||
| 300 | _acv, 593 | ||
| 942 | _cBK | ||
| 999 |
_c2965 _d2965 |
||